000 00602nam a22002171c 4500
001 a987674044
008 150707s2014 gw |||| 000u ger d
020 _a9783525369975
_9978-3-525-36997-5
041 _ager
100 1 _aNiether, Hendrik
245 0 0 _aLeipziger Juden und die DDR :
_bEine Existenzerfahrung im Kalten Krieg
264 _aGöttingen :
_bVandenhoeck & Ruprecht,
_c2014
300 _a348 S.
648 0 _a1945-1989
650 0 _aJuden
651 0 _aLeipzig
942 _cMG
040 _cRU-10907106
003 RU-10907106
999 _c37788
_d37788
490 0 _aSchriften des Simon-Dubnow-Instituts
_v21